Supreme Court Civil Application No12/1991 Haji Nurdin Matovu vs Ben Kiwanuka (Record no. 2860)
[ view plain ]
| 000 -LEADER | |
|---|---|
| fixed length control field | 00596nam a22001217a 4500 |
| 008 - FIXED-LENGTH DATA ELEMENTS--GENERAL INFORMATION | |
| fixed length control field | 110614t xxu||||| |||| 00| 0 eng d |
| 010 ## - LIBRARY OF CONGRESS CONTROL NUMBER | |
| LC control number | SCCAF34 |
| 245 ## - TITLE STATEMENT | |
| Title | Supreme Court Civil Application No12/1991 Haji Nurdin Matovu vs Ben Kiwanuka |
| 260 ## - PUBLICATION, DISTRIBUTION, ETC. (IMPRINT) | |
| Date of publication, distribution, etc | 1991 |
| 500 ## - GENERAL NOTE | |
| General note | CORAM: Mayindo, D.C.J., Oder , J.S.C., and Platt, J.S.C . |
| 500 ## - GENERAL NOTE | |
| General note | Reference from the fuling of the Supreme Court of Uganda at Mengo Mr Justice Seaton.J,S.C dated 16/11/1990 in the Supreme Court Civil Application No 17/1990 |
| Withdrawn status | Lost status | Source of classification or shelving scheme | Damaged status | Koha normalized classification for sorting | Not for loan | Location (home branch) | Sublocation or collection (holding branch) | Shelving location | Date acquired | Koha issues (times borrowed) | Koha full call number | Piece designation (barcode) | Koha date last seen | Price effective from | Koha item type |
|---|---|---|---|---|---|---|---|---|---|---|---|---|---|---|---|
| Dewey Decimal Classification | 121991 | Law Development Centre Main Library | Law Development Centre Main Library | Law Reports | 06/14/2011 | 12/1991 | 12/1991/1 | 06/14/2011 | 06/14/2011 | Un Reported Cases |
